000 00506nam a22001817a 4500
999 _c7259
_d7259
003 GBCCL
005 20241126110623.0
008 180719b ||||| |||| 00| 0 eng d
040 _cgbc
082 _aVER 231.1
_bRHE
100 _aRhee, Yo Han
_911769
245 _aPathien kawm zawtna lampi /
_cTranslated by Thangkhosiem
250 _aReprint
260 _aChurachandpur:
_bEvangelical Synod Church,
_c2006
300 _axii, 271 p.;
_bill., map.,
_c21 cm.
650 _aSalvation
_9452
942 _2ddc
_cBK